Catalog

Record Details

Catalog Search



Turtle bread : a graphic novel about baking, ... Read More

Kim-Joy, 1991-(author.).
Firmansyah, Alti, 1983-(artist.). Gil, Joamette,(letterer.).

Available copies

  • 0 of 1 copy available at LARL/NWRL Consortium.
  • 0 of 1 copy available at Lake Agassiz Regional Library. (Show preferred library)

Current holds

0 current holds with 1 total copy.

Show Only Available Copies
Location Call Number / Copy Notes Barcode Shelving Location Status Due Date
Climax Public Library G KIM (Text) 33500013885892 Main Checked out 05/14/2026

Record details

  • ISBN: 9781506730981
  • ISBN: 1506730981
  • Physical Description: pages cm
  • Edition: First edition.
  • Publisher: Milwaukie, OR : Dark Horse Books, 2023.

Content descriptions

Summary, etc.:
When Yan stumbles upon Baking Club her social ... Read More
Subject: Graphic novels.
Baking > Fiction.
Friendship > Fiction.
Social phobia > Fiction.
Genre: Graphic novels.
LDR 01534nam a22004098i 4500
001411969
003LARL_NWRL_CONSORTIUM
00520230406124553.0
008230405s2023 oru d 6 000 1 eng
010 . ‡a 2023012598
040 . ‡aDLC ‡beng ‡erda ‡cDLC
020 . ‡a9781506730981 ‡q(trade paperback)
020 . ‡a1506730981
035 . ‡a(OCoLC)1375104538
042 . ‡apcc
08200. ‡a741.5/9493 ‡223/eng/20230405
1000 . ‡aKim-Joy, ‡d1991- ‡eauthor.
24510. ‡aTurtle bread : ‡ba graphic novel about baking, fitting in, and the power of friendship / ‡cwritten by Kim Joy ; art by Alti Firmansyah ; letters by Joamette Gil.
250 . ‡aFirst edition.
264 1. ‡aMilwaukie, OR : ‡bDark Horse Books, ‡c2023.
300 . ‡apages cm
336 . ‡atext ‡btxt ‡2rdacontent
336 . ‡astill image ‡2rdacontent
337 . ‡aunmediated ‡bn ‡2rdamedia
338 . ‡avolume ‡bnc ‡2rdacarrier
520 . ‡aWhen Yan stumbles upon Baking Club her social anxiety tries to keep her away, but the bakers encourage her to come out of her shell, especially the caring and supportive Bea, and soon Yan discovers her new friends may need her too.
650 1. ‡aGraphic novels. ‡0(LARL_NWRL_CONSORTIUM)40036
650 1. ‡aBaking ‡vFiction. ‡0(LARL_NWRL_CONSORTIUM)168953
650 1. ‡aFriendship ‡vFiction. ‡0(LARL_NWRL_CONSORTIUM)164944
650 1. ‡aSocial phobia ‡vFiction.
655 7. ‡aGraphic novels. ‡2lcgft
7001 . ‡aFirmansyah, Alti, ‡d1983- ‡eartist.
7001 . ‡aGil, Joamette, ‡eletterer.
905 . ‡uvanderl
901 . ‡a411969 ‡b ‡c411969 ‡tbiblio ‡soclc

Additional Resources